Matematické hlavolamy

Bibliographic Details
Main Authors: Dynkin, Jevgenij Borisovič, 1924-2014 (Author), Molčanov, Stanislav Aleksejevič, 1940- (Author), Rozental', Aleksandr Ľvovič (Author)
Other Authors: Telgársky, Rastislav, 1943-2014 (Translator)
Format: Book
Language:Slovak
Russian
Published: Bratislava Alfa 1979
Edition:3. vyd.
Series:Knižnica Epsilon
Subjects:

MARC

LEADER 00000cam a2200000 a 4500
001 vtls001115344
003 SK-MaSNL
005 20260301141254.0
008 230501s1979 xo a g 00000 slo
015 |a SNBA1979 
020 |q (brož.) 
035 |a SNK000058187 
035 |a F796FE7B-FF8A-486E-83DA-663498B1CDAD 
035 |a urn:nbn:sk:snk-am00iea2 
040 |a SNK  |b slo  |c SNK  |e AACR2 
041 1 |a slo  |h rus 
044 |a xo  |c SK 
080 |a 51(076)  |2 1981 
100 1 |a Dynkin, Jevgenij Borisovič,  |d 1924-2014  |4 aut  |9 220073 
240 1 0 |a Matematičeskije sorevnovanija  |l Slovensky 
245 1 0 |a Matematické hlavolamy  |c J.B. Dynkin, S.A. Molčanov, A.Ľ. Rozentaľ ; z ruského originálu Matematičeskije sorevnovanija ... preložil Rastislav Telgársky 
250 |a 3. vyd. 
260 |a Bratislava  |b Alfa  |c 1979  |e Bratislava  |f Svornosť 
300 |a 112 s.  |b ilustr.  |c 21 cm 
366 |e 10000 výtl. 
490 1 |a Knižnica Epsilon 
500 |a Určené širokému okruhu čitateľov, ktorí sa zaujímajú o populárnu matematiku 
650 0 7 |a matematika  |2 SNKPH  |9 70174 
650 0 7 |a matematické hlavolamy  |2 SNKPH  |9 495081 
655 7 |a príručky  |2 SNKPH  |9 74364 
700 1 |a Molčanov, Stanislav Aleksejevič,  |d 1940-  |4 aut  |9 220075 
700 1 |a Rozental', Aleksandr Ľvovič  |4 aut  |9 495082 
700 1 |a Telgársky, Rastislav,  |d 1943-2014  |4 trl  |9 171808 
830 0 |a Knižnica Epsilon  |9 279822 
852 |a Slovenská národná knižnica 
954 |a iná literatúra (príručky, kuchárske knihy, hobby literatúra, sprievodcovia) cudzojazyčná (svetová)  |2 lita 
958 |a OND 
958 |a TL 
958 |a OP 
958 |a EUIPO 
999 |c 766621  |d 768551 
952 |a SNK  |b SNK  |y PREZ  |7 0  |p 17A0819693  |o snkSC 47129  |i snkKSP 4837/79  |0 0  |1 0  |4 0  |d 2012-07-31  |f 1  |l 0  |r 2025-10-28 00:00:00  |w 2026-02-24 
952 |t P60, <04>, [BOOK], {604}  |a SNK  |b SNK  |y VYP  |7 0  |p 17A0193755  |o snkSC 47129 D1  |0 0  |1 0  |4 0  |d 1999-05-10  |l 0  |r 2004-12-31 00:00:00  |w 2026-02-24